000 00637nam a2200277Ia 4500
005 20260324133852.0
008 008 260324s9999 xx 000 0 eng d
020 _a9780203060285
037 _aEBOOK
040 _aCRL
040 _beng
040 _cCRL
041 _2eng
041 _aeng
084 _qCRL
100 _aMichael D. Barr
_9872012
245 0 _aCultural Politics and Asian Values
260 _bTaylor and Francis
260 _c2002
365 _a
365 _b230
856 _uhttp://www.taylorfrancis.com/books/9780203060285
942 _cEBOOK
999 _c1794192
_d1794192